[Event "OPEN JASTRZEBIE-ZDROJ 2021"]
[Site "Jastrzebie-Zdroj"]
[Date "2021.11.12"]
[Round "8.8"]
[White "Zmarzly, Wiktor"]
[Black "Fojcik, Kacper"]
[Result "1-0"]
[WhiteElo "1665"]
[BlackElo "1345"]
[PlyCount "117"]
[EventDate "2021.??.??"]

1. e4 c6 2. d4 d5 3. Nc3 dxe4 4. Nxe4 Nf6 5. Nxf6+ gxf6 6. Nf3 Bg4 7. Be2 Nd7
8. Be3 e6 9. Qd2 Qc7 10. h3 Bh5 11. O-O-O Nb6 12. Bf4 Bd6 13. Bxd6 Qxd6 14. Kb1
O-O-O 15. c3 Bg6+ 16. Bd3 Kb8 17. Qc2 Nd5 18. Bxg6 hxg6 19. g3 Ne7 20. Nd2 Nc8
21. Ne4 Qe7 22. h4 Nb6 23. Rhe1 f5 24. Nc5 Qc7 25. Nd3 Nd5 26. Ne5 Nf6 27. Qc1
Rhf8 28. f3 Nd7 29. Nxd7+ Qxd7 30. Qf4+ Qd6 31. Qxd6+ Rxd6 32. Rh1 Rh8 33. g4
Rdd8 34. Kc2 Rh7 35. Rd2 Rdh8 36. Rdh2 Kc7 37. Kd3 Kd6 38. Ke3 Ke7 39. Kf4 Kf6
40. g5+ Ke7 41. Ke5 Rh5 42. c4 Rd8 43. Rd2 Rdh8 44. Rdh2 Rd8 45. f4 b6 46. Rd1
Rd7 47. d5 cxd5 48. cxd5 Rxd5+ 49. Rxd5 exd5 50. Kxd5 Kd7 51. Ke5 a5 52. Kf6
Rh7 53. Re2 Rxh4 54. Kxf7 Rxf4 55. Kxg6 Rf1 56. Kf7 f4 57. g6 f3 58. Rd2+ Kc6
59. g7 1-0

[Event "OPEN JASTRZEBIE-ZDROJ 2021"]
[Site "Jastrzebie-Zdroj"]
[Date "2021.11.12"]
[Round "8.9"]
[White "Matusiak, Andrzej"]
[Black "Dylong, Antoni"]
[Result "0-1"]
[WhiteElo "1659"]
[BlackElo "1551"]
[PlyCount "36"]
[EventDate "2021.??.??"]

1. e4 c5 2. Nf3 d6 3. b3 e6 4. Bb2 Nf6 5. d3 Nc6 6. Be2 Be7 7. O-O O-O 8. Nbd2
Nd7 9. Nc4 b5 10. Ne3 Bf6 11. Bxf6 Qxf6 12. c4 b4 13. h3 Bb7 14. Nc2 Qg6 15.
Nh2 Rad8 16. Bh5 Qf6 17. Ng4 Qg5 18. f4 Qxh5 0-1

[Event "OPEN JASTRZEBIE-ZDROJ 2021"]
[Site "Jastrzebie-Zdroj"]
[Date "2021.11.12"]
[Round "8.10"]
[White "Stronczek, Karol"]
[Black "Radzimski, Antoni"]
[Result "0-1"]
[WhiteElo "1285"]
[BlackElo "1581"]
[PlyCount "62"]
[EventDate "2021.??.??"]

1. b4 e5 2. Bb2 Bxb4 3. Bxe5 Nf6 4. e3 O-O 5. Nf3 d5 6. c3 Bd6 7. Bxd6 Qxd6 8.
d4 Re8 9. Bd3 Bg4 10. h3 Bh5 11. g4 Bg6 12. Bxg6 hxg6 13. Nbd2 Nbd7 14. Qc2 c5
15. Rb1 cxd4 16. cxd4 b6 17. Qb3 Ne4 18. Nxe4 Rxe4 19. Nd2 Re7 20. Rc1 f5 21.
f4 Nf6 22. Kf2 fxg4 23. hxg4 Nxg4+ 24. Kf3 Rxe3+ 25. Qxe3 Nxe3 26. Kxe3 Re8+
27. Kd3 Qa3+ 28. Rc3 Re3+ 29. Kxe3 Qxc3+ 30. Ke2 Qxd4 31. Rc1 Qxf4 0-1

[Event "OPEN JASTRZEBIE-ZDROJ 2021"]
[Site "Jastrzebie-Zdroj"]
[Date "2021.11.12"]
[Round "8.11"]
[White "Gawron, Tobiasz"]
[Black "Trybus, Dominika"]
[Result "0-1"]
[WhiteElo "1190"]
[BlackElo "1563"]
[PlyCount "80"]
[EventDate "2021.??.??"]

1. e4 c6 2. d4 d5 3. exd5 cxd5 4. Bd3 Nf6 5. h3 Nc6 6. c3 e5 7. dxe5 Nxe5 8.
Nf3 Nxd3+ 9. Qxd3 Bd6 10. O-O O-O 11. Bg5 Be6 12. Nbd2 h6 13. Be3 Qd7 14. h4
Bf5 15. Qe2 Rfe8 16. Rfe1 Ng4 17. Qd1 Nxe3 18. Rxe3 Rxe3 19. fxe3 Re8 20. Qe2
Bg4 21. Re1 Bg3 22. Rf1 Bxh4 23. Qd3 Bg3 24. Nd4 h5 25. Nf5 Bc7 26. Nb3 Qe6 27.
Nbd4 Qe5 28. Nb5 Qh2+ 29. Kf2 Bxf5 30. Qxf5 Re6 31. Qxd5 Qg3+ 32. Kg1 Qxe3+ 33.
Kh1 Qe1 34. Qf3 Qh4+ 35. Qh3 Re1 36. Kg1 Bb6+ 37. Nd4 Bxd4+ 38. cxd4 Qxd4+ 39.
Kh2 Rxf1 40. Qc8+ Kh7 0-1

[Event "OPEN JASTRZEBIE-ZDROJ 2021"]
[Site "Jastrzebie-Zdroj"]
[Date "2021.11.12"]
[Round "8.12"]
[White "Marszalek, Julian"]
[Black "Ziebura, Paulina"]
[Result "1-0"]
[WhiteElo "1230"]
[BlackElo "1559"]
[PlyCount "99"]
[EventDate "2021.??.??"]

1. e4 e5 2. Nf3 Nc6 3. Bc4 Bc5 4. c3 Nf6 5. d4 exd4 6. cxd4 Bb4+ 7. Bd2 Bxd2+
8. Nbxd2 d5 9. exd5 Nxd5 10. Qb3 Qe7+ 11. Kf1 O-O 12. Bxd5 Rd8 13. Re1 Qf6 14.
Ne4 Qg6 15. Bxc6 bxc6 16. Ne5 Ba6+ 17. Kg1 Qf5 18. Qf3 Qxf3 19. Nxf3 Re8 20.
Re3 Rad8 21. Nc5 Bc4 22. b3 Bd5 23. h3 Bxf3 24. gxf3 g6 25. Kg2 Kf8 26. Rhe1
Rxe3 27. fxe3 Rd5 28. Rc1 Ke7 29. Rc4 Rg5+ 30. Kf2 Rh5 31. Kg3 Rg5+ 32. Kh2 Rf5
33. f4 g5 34. Kg3 gxf4+ 35. exf4 h5 36. Ra4 Rd5 37. Kf3 Rd8 38. Ke3 Ra8 39. a3
f5 40. b4 Kd6 41. Kd3 Kd5 42. Ra5 Rg8 43. Ne4+ Ke6 44. Ng5+ Kf6 45. Rxa7 Rxg5
46. fxg5+ Kxg5 47. Ke2 Kh4 48. Rxc7 Kxh3 49. Kf2 Kh2 50. Rh7 1-0

[Event "OPEN JASTRZEBIE-ZDROJ 2021"]
[Site "Jastrzebie-Zdroj"]
[Date "2021.11.12"]
[Round "8.13"]
[White "Chaber, Dominik"]
[Black "Kordela, Kamil"]
[Result "1-0"]
[WhiteElo "1214"]
[BlackElo "1343"]
[PlyCount "55"]
[EventDate "2021.??.??"]

1. e4 c5 2. Nf3 d6 3. d4 cxd4 4. Nxd4 Nf6 5. Nc3 g6 6. f3 Bg7 7. Be3 O-O 8. Bc4
Nc6 9. Nxc6 bxc6 10. Bb3 Bd7 11. O-O Re8 12. Qd2 Qc7 13. Rad1 Rac8 14. a3 a6
15. Bh6 Qb6+ 16. Kh1 Qc7 17. Bxg7 Kxg7 18. f4 Bg4 19. Rde1 Nd7 20. f5 Ne5 21.
h3 Bh5 22. g4 Bxg4 23. hxg4 Nxg4 24. fxg6 hxg6 25. Rxf7+ Kh8 26. Qg5 Nf6 27.
Qh6+ Kg8 28. Qg7# 1-0

[Event "OPEN JASTRZEBIE-ZDROJ 2021"]
[Site "Jastrzebie-Zdroj"]
[Date "2021.11.12"]
[Round "8.14"]
[White "Kordela, Krzysztof"]
[Black "Bala, Bartosz"]
[Result "0-1"]
[WhiteElo "1449"]
[BlackElo "1260"]
[PlyCount "42"]
[EventDate "2021.??.??"]

1. e4 e5 2. Nf3 Nc6 3. Bc4 Bc5 4. c3 Nf6 5. d4 exd4 6. e5 Ng4 7. cxd4 Bb4+ 8.
Bd2 Bxd2+ 9. Nfxd2 d5 10. exd6 Qxd6 11. Qe2+ Qe7 12. d5 Qxe2+ 13. Bxe2 Nd4 14.
Bd3 Ne5 15. Be4 f5 16. Na3 fxe4 17. Nxe4 Bf5 18. Ng3 O-O-O 19. O-O Rxd5 20.
Rfd1 Rhd8 21. Rd2 Ndf3+ 0-1

[Event "OPEN JASTRZEBIE-ZDROJ 2021"]
[Site "Jastrzebie-Zdroj"]
[Date "2021.11.12"]
[Round "8.15"]
[White "Figa, Karolina"]
[Black "Bulawa, Adam"]
[Result "1-0"]
[WhiteElo "1355"]
[BlackElo "1115"]
[PlyCount "67"]
[EventDate "2021.??.??"]

1. d4 d5 2. c4 e6 3. Nc3 Nf6 4. cxd5 Nxd5 5. e4 Nxc3 6. bxc3 c5 7. d5 exd5 8.
exd5 Bd6 9. Bd3 O-O 10. Ne2 Bg4 11. O-O Qc7 12. h3 Bh5 13. Qc2 Bg6 14. c4 Bxd3
15. Qxd3 Nd7 16. f4 Rfe8 17. Bb2 Re7 18. Ng3 Bxf4 19. Nf5 Ree8 20. d6 Qb6 21.
Rab1 Bg5 22. Bf6 Bxf6 23. Rxb6 axb6 24. Qf3 Ra7 25. Nxg7 Kxg7 26. Qg4+ Kh8 27.
Qxd7 Bd4+ 28. Kh1 Raa8 29. Qxf7 Rab8 30. d7 Red8 31. Qe7 Bg7 32. Rf7 Rg8 33.
Kh2 Rbd8 34. Rxg7 1-0

[Event "OPEN JASTRZEBIE-ZDROJ 2021"]
[Site "Jastrzebie-Zdroj"]
[Date "2021.11.12"]
[Round "8.17"]
[White "Lajdamik, Kinga"]
[Black "Kubiniok, Stanislaw"]
[Result "1-0"]
[WhiteElo "1307"]
[BlackElo "1318"]
[PlyCount "105"]
[EventDate "2021.??.??"]

1. e4 e6 2. d4 d5 3. Bd3 Nf6 4. e5 Nfd7 5. Be3 c5 6. c3 Nc6 7. Ne2 Qb6 8. Qd2
c4 9. Bxc4 dxc4 10. d5 Qc7 11. dxc6 Qxc6 12. O-O Nxe5 13. Nd4 Qd7 14. f4 Ng4
15. Rd1 Nxe3 16. Qxe3 Bc5 17. Kh1 O-O 18. Qe2 b5 19. Nd2 Bxd4 20. Nf3 Qc7 21.
Rxd4 Bb7 22. Ne5 Rad8 23. Rad1 Rxd4 24. Rxd4 Rd8 25. Qe3 Rxd4 26. Qxd4 Bd5 27.
Ng4 h6 28. Ne3 Qb7 29. Nxd5 Qxd5 30. Qxa7 Qd1+ 31. Qg1 Qd2 32. Qa1 Qxf4 33. h3
e5 34. b3 e4 35. bxc4 bxc4 36. Qe1 e3 37. Kg1 Kf8 38. a4 Qe4 39. a5 Qd3 40. a6
Qd2 41. Kf1 Qd3+ 42. Kg1 e2 43. Kf2 Qf5+ 44. Kxe2 Qa5 45. Qd2 Ke7 46. Qe3+ Kd6
47. Qa7 Qe5+ 48. Kd2 Qg5+ 49. Kd1 Qd5+ 50. Qd4 Qxd4+ 51. cxd4 Kc6 52. d5+ Kb6
53. d6 1-0

[Event "OPEN JASTRZEBIE-ZDROJ 2021"]
[Site "Jastrzebie-Zdroj"]
[Date "2021.11.13"]
[Round "9.1"]
[White "Golis, Wiktor"]
[Black "Niedbala, Bartlomiej"]
[Result "0-1"]
[WhiteElo "1591"]
[BlackElo "2382"]
[PlyCount "82"]
[EventDate "2021.??.??"]

1. e4 c6 2. d4 d5 3. Nc3 dxe4 4. Nxe4 Nf6 5. Nxf6+ exf6 6. c3 Bd6 7. Bd3 O-O 8.
Qc2 Re8+ 9. Ne2 h5 10. O-O h4 11. Nf4 Qc7 12. g3 Nd7 13. Qd1 Nf8 14. Qh5 Qd8
15. Ng2 h3 16. Nf4 Bxf4 17. Bxf4 g6 18. Qf3 Kg7 19. Rfe1 Be6 20. g4 g5 21. Bd2
Qd7 22. Bf5 Ng6 23. Bxe6 Rxe6 24. Qxh3 Rae8 25. Rxe6 Qxe6 26. Be3 Nh4 27. Qg3
Qe4 28. Rc1 Nf3+ 29. Kf1 Nxh2+ 30. Ke2 Nxg4 31. Kd2 Rh8 32. Rg1 Nxe3 33. fxe3
Qe6 34. b3 a5 35. c4 Qf5 36. Re1 Rh3 37. Qg2 Rf3 38. Re2 Rf1 39. Qg3 Qb1 40.
Re1 Qxa2+ 41. Kc3 Rf2 0-1

[Event "OPEN JASTRZEBIE-ZDROJ 2021"]
[Site "Jastrzebie-Zdroj"]
[Date "2021.11.13"]
[Round "9.2"]
[White "Tymrakiewicz, Rafal"]
[Black "Posluszny, Tomasz"]
[Result "1-0"]
[WhiteElo "2225"]
[BlackElo "2034"]
[PlyCount "103"]
[EventDate "2021.??.??"]

1. e4 c5 2. c3 Nf6 3. e5 Nd5 4. Nf3 e6 5. d4 cxd4 6. cxd4 d6 7. a3 Bd7 8. Bd3
Bc6 9. O-O Nd7 10. b4 a6 11. Re1 Rc8 12. Bd2 Be7 13. Qe2 h6 14. Ra2 Rc7 15. Rb2
Qb8 16. h4 N5b6 17. exd6 Bxd6 18. Nc3 Qc8 19. Ne5 Bxe5 20. dxe5 Bd5 21. Nxd5
Nxd5 22. Qg4 Kf8 23. Rbb1 b5 24. Qd4 N7b6 25. Rbd1 Qb7 26. Rc1 Na4 27. Rxc7
Qxc7 28. Rc1 Qd7 29. Be4 Nab6 30. Rd1 g6 31. h5 Kg7 32. hxg6 fxg6 33. Qd3 Qf7
34. Be3 Rf8 35. Bc5 Rc8 36. g3 Na4 37. Bxd5 Nxc5 38. bxc5 exd5 39. Qxd5 Qxd5
40. Rxd5 a5 41. c6 Rxc6 42. Rxb5 a4 43. Rb7+ Kf8 44. Rb4 Rc5 45. Rxa4 Rxe5 46.
Ra7 g5 47. Kg2 g4 48. a4 h5 49. Kg1 Kg8 50. a5 Kh8 51. a6 Kg8 52. Rb7 1-0

[Event "OPEN JASTRZEBIE-ZDROJ 2021"]
[Site "Jastrzebie-Zdroj"]
[Date "2021.11.13"]
[Round "9.3"]
[White "Adamczyk, Zuzanna"]
[Black "Zabystrzan, Pavel"]
[Result "1/2-1/2"]
[WhiteElo "2035"]
[BlackElo "2199"]
[PlyCount "53"]
[EventDate "2021.??.??"]

1. d4 Nf6 2. Nf3 c5 3. d5 g6 4. Nc3 Bg7 5. e4 d6 6. Bb5+ Bd7 7. a4 a6 8. Be2
Bg4 9. Nd2 Bxe2 10. Qxe2 O-O 11. O-O Nbd7 12. f4 Ne8 13. Nf3 Nc7 14. e5 b5 15.
axb5 axb5 16. Rxa8 Qxa8 17. Nxb5 Qa6 18. c4 Nxb5 19. cxb5 Qb7 20. e6 Nb6 21.
exf7+ Rxf7 22. Ng5 Bd4+ 23. Kh1 Rf6 24. Ne4 Rf7 25. Ng5 Rf6 26. Ne4 Rf7 27. Ng5
1/2-1/2

[Event "OPEN JASTRZEBIE-ZDROJ 2021"]
[Site "Jastrzebie-Zdroj"]
[Date "2021.11.13"]
[Round "9.4"]
[White "Herwy, Jakub"]
[Black "Drabiniok, Kazimierz"]
[Result "1-0"]
[WhiteElo "1866"]
[BlackElo "1856"]
[PlyCount "93"]
[EventDate "2021.??.??"]

1. e4 d5 2. exd5 Qxd5 3. Nc3 Qa5 4. d4 c6 5. Bc4 Nf6 6. Bd2 Qc7 7. Nf3 Bg4 8.
h3 Bxf3 9. Qxf3 e6 10. O-O-O Nbd7 11. g4 Bb4 12. Kb1 Bxc3 13. Bxc3 Nb6 14. Bd3
Qd6 15. g5 Nfd5 16. Bd2 Nb4 17. Be4 N4d5 18. b3 Qa3 19. Bc1 Qb4 20. Bb2 Qe7 21.
c4 Nc7 22. d5 cxd5 23. cxd5 exd5 24. Bxd5 Nbxd5 25. Rhe1 Ne6 26. Rxd5 O-O 27.
Qc3 Rfe8 28. h4 Rac8 29. Qe3 Qc7 30. a3 b6 31. Re5 Qd6 32. f4 Red8 33. f5 Nc5
34. Ka2 Kf8 35. f6 g6 36. Re7 Ne6 37. h5 Rc2 38. hxg6 hxg6 39. Re2 Rxe2 40.
Qxe2 Rd7 41. Rxe6 fxe6 42. Qe4 Kf7 43. Qh4 Qf8 44. Qh7+ Ke8 45. Qxg6+ Kd8 46.
Qe4 Kc7 47. Be5+ 1-0

[Event "OPEN JASTRZEBIE-ZDROJ 2021"]
[Site "Jastrzebie-Zdroj"]
[Date "2021.11.13"]
[Round "9.5"]
[White "Gepfert, Cyprian"]
[Black "Piechota, Kamil"]
[Result "1-0"]
[WhiteElo "1745"]
[BlackElo "1752"]
[PlyCount "115"]
[EventDate "2021.??.??"]

1. e4 e5 2. Nf3 Nc6 3. Nc3 Nf6 4. Bb5 d6 5. d4 Bd7 6. Bg5 exd4 7. Nxd4 h6 8.
Bxc6 bxc6 9. Bh4 Be7 10. Qd3 O-O 11. O-O Ng4 12. Bxe7 Qxe7 13. Rad1 Rfe8 14.
Qg3 Rab8 15. b3 Nf6 16. Rfe1 Nh5 17. Qf3 Qg5 18. Nf5 Re5 19. Qe3 Nf4 20. g3
Nh3+ 21. Kg2 Bxf5 22. Qxg5 Nxg5 23. exf5 Rxf5 24. Ne4 Kf8 25. Nxg5 Rxg5 26. Rd4
Re8 27. Rxe8+ Kxe8 28. Ra4 a5 29. Rc4 Kd7 30. Kf3 Rf5+ 31. Ke3 g5 32. h4 f6 33.
hxg5 hxg5 34. Ke2 Rb5 35. a3 d5 36. Ra4 Kd6 37. f4 gxf4 38. Rxf4 Ke5 39. Rh4
Rb8 40. Ra4 Rb5 41. Rh4 d4 42. Kd3 Rd5 43. Re4+ Kf5 44. Rxd4 Rxd4+ 45. Kxd4 Kg4
46. b4 axb4 47. a4 Kxg3 48. a5 f5 49. a6 f4 50. a7 f3 51. a8=Q f2 52. Qg8+ Kh2
53. Qh7+ Kg1 54. Qg6+ Kh1 55. Qh5+ Kg1 56. Qg5+ Kh2 57. Qf4+ Kg1 58. Qg3+ 1-0

[Event "OPEN JASTRZEBIE-ZDROJ 2021"]
[Site "Jastrzebie-Zdroj"]
[Date "2021.11.13"]
[Round "9.6"]
[White "Trybus, Dominika"]
[Black "Zmarzly, Wiktor"]
[Result "1/2-1/2"]
[WhiteElo "1563"]
[BlackElo "1665"]
[PlyCount "163"]
[EventDate "2021.??.??"]

1. e4 c5 2. c3 d5 3. exd5 Qxd5 4. d4 Nc6 5. Be3 cxd4 6. cxd4 e5 7. Nc3 Bb4 8.
Qd2 Bxc3 9. bxc3 exd4 10. cxd4 Nf6 11. Nf3 Bg4 12. Be2 Rd8 13. O-O O-O 14. Rfd1
Rd7 15. h3 Bf5 16. Rac1 Ne4 17. Qb2 Qa5 18. Bb5 Rc7 19. Bxc6 bxc6 20. Bf4 Rcc8
21. Ne5 Qa4 22. Nc4 Be6 23. Qc2 Qxc2 24. Rxc2 Bd5 25. Ne3 Nf6 26. f3 Rfe8 27.
Kf2 Re6 28. Nf5 Rd8 29. Rb1 g6 30. Nh6+ Kg7 31. Rb7 Rd7 32. Rxd7 Nxd7 33. Ng4
h5 34. Ne3 Nb6 35. Bb8 a6 36. Ba7 Nc8 37. Bc5 Nd6 38. Nxd5 cxd5 39. Bxd6 Rxd6
40. Ke3 Kf6 41. Kd3 Kf5 42. Rc7 f6 43. Kc3 h4 44. Kb4 Rb6+ 45. Kc5 Rb5+ 46. Kd6
Rb2 47. Kxd5 Rxa2 48. Rc5 Rxg2 49. Kd6+ Kf4 50. d5 Kxf3 51. Rc3+ Kf4 52. Ke6 f5
53. d6 Rd2 54. d7 g5 55. Rc4+ Kg3 56. Rc3+ Kg2 57. Rc2 Rxc2 58. d8=Q g4 59.
hxg4 fxg4 60. Qxh4 Re2+ 61. Kf5 g3 62. Kf4 Rf2+ 63. Kg4 Rf3 64. Qd8 Rf2 65. Qd3
Kg1 66. Kxg3 Rg2+ 67. Kf3 Rf2+ 68. Ke3 Rg2 69. Qxa6 Rg3+ 70. Kf4 Rg2 71. Qa1+
Kh2 72. Qe1 Rg1 73. Qf2+ Rg2 74. Qh4+ Kg1 75. Kf3 Rg8 76. Qd4+ Kh2 77. Qh4+ Kg1
78. Qf2+ Kh1 79. Ke3 Re8+ 80. Kd2 Rd8+ 81. Ke1 Rd1+ 82. Kxd1 1/2-1/2

[Event "OPEN JASTRZEBIE-ZDROJ 2021"]
[Site "Jastrzebie-Zdroj"]
[Date "2021.11.13"]
[Round "9.7"]
[White "Dylong, Antoni"]
[Black "Radzimski, Antoni"]
[Result "1/2-1/2"]
[WhiteElo "1551"]
[BlackElo "1581"]
[PlyCount "60"]
[EventDate "2021.??.??"]

1. e4 e5 2. Nf3 Nc6 3. Bb5 Nf6 4. O-O a6 5. Ba4 b5 6. Bb3 Bc5 7. d3 d6 8. Bg5
h6 9. Be3 Ba7 10. Bxa7 Rxa7 11. a4 Rb7 12. axb5 axb5 13. Nbd2 O-O 14. h3 Ne7
15. c3 Ng6 16. d4 Qe7 17. Re1 Rb8 18. Nf1 c6 19. Ng3 Nf4 20. Qc2 c5 21. dxc5
dxc5 22. Bd5 c4 23. Red1 Nd3 24. b3 Nxd5 25. exd5 Qc5 26. Ne1 Nxe1 27. Rxe1
Qxd5 28. bxc4 bxc4 29. Qe4 Qxe4 30. Rxe4 Be6 1/2-1/2

[Event "OPEN JASTRZEBIE-ZDROJ 2021"]
[Site "Jastrzebie-Zdroj"]
[Date "2021.11.13"]
[Round "9.8"]
[White "Wojs, Alicja"]
[Black "Marszalek, Julian"]
[Result "1-0"]
[WhiteElo "1375"]
[BlackElo "1230"]
[PlyCount "43"]
[EventDate "2021.??.??"]

1. e4 c5 2. Nf3 d6 3. d4 cxd4 4. Nxd4 Nf6 5. Nc3 g6 6. Be3 Bg7 7. f3 a6 8. Qd2
Nc6 9. g4 h5 10. g5 Nd7 11. f4 e5 12. Nxc6 bxc6 13. Qxd6 exf4 14. Bxf4 Qb6 15.
O-O-O Bxc3 16. bxc3 Ra7 17. Qd4 O-O 18. Qxb6 Nxb6 19. Be3 Rb7 20. Bxa6 Ra7 21.
Bxc8 Rxc8 22. Bxb6 1-0

[Event "OPEN JASTRZEBIE-ZDROJ 2021"]
[Site "Jastrzebie-Zdroj"]
[Date "2021.11.13"]
[Round "9.9"]
[White "Bala, Bartosz"]
[Black "Chaber, Dominik"]
[Result "1-0"]
[WhiteElo "1260"]
[BlackElo "1214"]
[PlyCount "57"]
[EventDate "2021.??.??"]

1. e4 c5 2. Nf3 Nc6 3. d4 cxd4 4. Nxd4 e5 5. Nb5 d6 6. N1c3 a6 7. Na3 b5 8. Nd5
Nf6 9. Nxf6+ Qxf6 10. c3 Bb7 11. Bd3 Be7 12. O-O g5 13. f3 h5 14. Nc2 h4 15. h3
Bc8 16. Ne3 Be6 17. c4 b4 18. Qa4 Rc8 19. Nd5 Qg7 20. Qxa6 Nd4 21. Qa4+ Kf8 22.
Nxe7 Kxe7 23. Qxb4 g4 24. fxg4 Bxg4 25. hxg4 Qxg4 26. Qb7+ Kd8 27. Rxf7 Nc6 28.
Bg5+ Ke8 29. Re7+ 1-0

[Event "OPEN JASTRZEBIE-ZDROJ 2021"]
[Site "Jastrzebie-Zdroj"]
[Date "2021.11.13"]
[Round "9.10"]
[White "Seemann, Pola"]
[Black "Marcinowski, Marek"]
[Result "1/2-1/2"]
[WhiteElo "1491"]
[BlackElo "1740"]
[PlyCount "121"]
[EventDate "2021.??.??"]

1. e4 c6 2. d4 d5 3. Nc3 dxe4 4. Nxe4 Nf6 5. Nxf6+ exf6 6. c3 Bd6 7. Bd3 O-O 8.
Be3 Nd7 9. Ne2 Re8 10. Bc2 Nf8 11. O-O Bg4 12. Re1 f5 13. Qd3 Qh4 14. Nf4 g5
15. g3 Qh6 16. Ng2 f4 17. gxf4 gxf4 18. Bd2 Qg7 19. f3 Bh3 20. Qf1 Ng6 21. Bxg6
hxg6 22. Qf2 g5 23. Kh1 Qh7 24. Rg1 Kf8 25. c4 Re7 26. c5 Bc7 27. Rae1 Rae8 28.
d5 Rxe1 29. Nxe1 Bd8 30. d6 b6 31. d7 Bxd7 32. Qd4 f6 33. Bc3 Re6 34. Ng2 Bc7
35. Rd1 Be8 36. Qc4 Qe7 37. Qa6 Qxc5 38. Qxa7 Qe7 39. Qa4 c5 40. Qc2 Bc6 41.
Rf1 b5 42. Qg6 b4 43. Bd2 Be5 44. Bc1 Be8 45. Qh6+ Qg7 46. Qh3 Bd7 47. Qh5 Rd6
48. Nxf4 Be8 49. Qh3 gxf4 50. Rg1 Bg6 51. Qc8+ Ke7 52. Qc7+ Rd7 53. Qxc5+ Bd6
54. Re1+ Kd8 55. Qa5+ Rc7 56. Qa8+ Rc8 57. Qa5+ Qc7 58. Qd5 Bf7 59. Qf5 Be5 60.
Bxf4 Qd7 61. Qxd7+ 1/2-1/2

[Event "OPEN JASTRZEBIE-ZDROJ 2021"]
[Site "Jastrzebie-Zdroj"]
[Date "2021.11.13"]
[Round "9.11"]
[White "Figa, Karolina"]
[Black "Stronczek, Karol"]
[Result "1-0"]
[WhiteElo "1355"]
[BlackElo "1285"]
[PlyCount "87"]
[EventDate "2021.??.??"]

1. d4 e6 2. c4 Nf6 3. Nc3 d5 4. cxd5 Nxd5 5. e4 Nxc3 6. bxc3 Be7 7. Be3 b6 8.
Bb5+ Bd7 9. Bxd7+ Qxd7 10. Nf3 f6 11. e5 c5 12. O-O O-O 13. Qb3 Qc6 14. Rad1 c4
15. Qc2 Nd7 16. a4 Rfd8 17. Rfe1 Nf8 18. Rd2 Rd7 19. Red1 Rad8 20. Bf4 f5 21.
Bg5 h6 22. Bxe7 Rxe7 23. h4 Rd5 24. h5 Qe8 25. Qa2 Rc7 26. Ne1 Qxh5 27. Nc2 Qe8
28. Ra1 Rd8 29. Ne3 Qc6 30. Rb1 f4 31. Nd1 a5 32. f3 Rd5 33. Rdb2 Rb7 34. Rb5
Nd7 35. Nf2 g5 36. Ne4 Rxb5 37. Rxb5 Rc7 38. Qb1 Kg7 39. Nd6 Ra7 40. Qa2 Kg6
41. Nxc4 Rc7 42. Nd6 Qxc3 43. Qxe6+ Kh5 44. Qf7+ 1-0

[Event "OPEN JASTRZEBIE-ZDROJ 2021"]
[Site "Jastrzebie-Zdroj"]
[Date "2021.11.13"]
[Round "9.13"]
[White "Ziebura, Paulina"]
[Black "Gawron, Tobiasz"]
[Result "1-0"]
[WhiteElo "1559"]
[BlackElo "1190"]
[PlyCount "63"]
[EventDate "2021.??.??"]

1. c4 c6 2. Nc3 d5 3. cxd5 cxd5 4. e3 Nf6 5. Nf3 Bg4 6. h3 Bh5 7. Qb3 Qb6 8.
Qxb6 axb6 9. Bb5+ Nc6 10. Ne5 Rc8 11. g4 Bg6 12. g5 Ne4 13. Nxg6 hxg6 14. Nxd5
Nxg5 15. Nxb6 Rd8 16. f4 Ne4 17. Nc4 f6 18. Na5 Nc5 19. Nxb7 Nd3+ 20. Ke2 Ndb4
21. Nxd8 Kxd8 22. a3 Nc2 23. Rb1 Kc7 24. Bxc6 Kxc6 25. Kd3 Ne1+ 26. Rxe1 Rxh3
27. b4 e6 28. Rg1 Rh6 29. Bb2 Bd6 30. Rh1 Rh5 31. Rbg1 Rd5+ 32. Ke2 1-0

[Event "OPEN JASTRZEBIE-ZDROJ 2021"]
[Site "Jastrzebie-Zdroj"]
[Date "2021.11.13"]
[Round "9.15"]
[White "Kordela, Kamil"]
[Black "Bulawa, Adam"]
[Result "1/2-1/2"]
[WhiteElo "1343"]
[BlackElo "1115"]
[PlyCount "52"]
[EventDate "2021.??.??"]

1. d4 d5 2. c4 e6 3. Nc3 Nf6 4. Nf3 Nc6 5. Bg5 Be7 6. e3 h6 7. Bh4 O-O 8. Bd3
dxc4 9. Bxc4 Nd5 10. Bxe7 Ncxe7 11. O-O Nxc3 12. bxc3 c6 13. a4 Nd5 14. Qc2 Re8
15. Rfe1 Nf6 16. Rad1 a6 17. e4 b5 18. axb5 cxb5 19. Bd3 Bb7 20. Nd2 Qc7 21.
Rc1 Rac8 22. Nb3 Nd7 23. e5 Bd5 24. Re3 Bc4 25. Bh7+ Kh8 26. Nd2 Nf8 1/2-1/2